| 000 | 00474cam a22001577a 4500 | ||
|---|---|---|---|
| 008 | 180718b2011 xxu||||| |||| 00| 0 eng d | ||
| 020 | _a9788184572810 | ||
| 082 | _aB67x54 Sh23d | ||
| 245 |
_aDistrict collector in India: a study in role-analysis _cedited by R. D. Sharma |
||
| 260 |
_aNew Delhi _bKanishka _c2011 |
||
| 300 | _a198p. | ||
| 650 | _aCivil service --India | ||
| 650 | _aLocal government --India | ||
| 650 | _aTax collection --India | ||
| 700 | _aSharma, R. D. | ||
| 999 |
_c442370 _d442370 |
||